| 000 | 00590nam a2200253Ia 4500 | ||
|---|---|---|---|
| 005 | 20260306154651.0 | ||
| 008 | 008 260114s9999 xx 000 0 eng d | ||
| 020 | _a9781139051736 | ||
| 037 | _aEBOOK | ||
| 040 | _aCRL | ||
| 040 | _beng | ||
| 040 | _cCRL | ||
| 041 | _2eng | ||
| 041 | _aeng | ||
| 084 | _qCRL | ||
| 100 |
_aPippin _9910926 |
||
| 245 | 0 | _aIntroductions to Nietzsche | |
| 260 | _bCambridge University Press | ||
| 260 | _c2012 | ||
| 650 | _a Philosophy | ||
| 856 | _uhttps://doi.org/10.1017/CBO9781139051736 | ||
| 942 | _cEBOOK | ||
| 999 |
_c1708465 _d1708465 |
||